| 000 | 01724nam a2200385 a 4500 | ||
|---|---|---|---|
| 999 |
_c109494 _d109494 |
||
| 003 | BLK | ||
| 005 | 20230802132934.0 | ||
| 008 | 180409b bul|||||r ||||||| ||bul|| | ||
| 010 | _aKNG00114811000 | ||
| 020 | _a954-01-1412-8 | ||
| 040 | _aBLK | ||
| 041 |
_aBUL _cBUL |
||
| 080 |
_aМетодика по музика. Музика - учебни предмети _b372.878 _x(075.2) _z372.878(075.2) |
||
| 100 | 1 |
_aКалоферова, Галунка Парашкевова _eпърви автор _9373576 |
|
| 139 |
_aКалоферова, Галунка Парашкевова и др. _bК 18 |
||
| 245 | 1 | 0 |
_aМузика за ІІ клас _cГалунка Парашкевова Калоферова; съавт. Вяра Димитрова Сотирова; съавт. Росица Славчева Драганова. |
| 257 | _aBGR | ||
| 260 |
_bПросвета _c2003 _fРусе : Дунав прес _aСофия |
||
| 300 |
_a64 с. _bс цв. ил. _c26 см |
||
| 380 | _a3 | ||
| 500 | _aАвт. не са отбелязани на кор. - Офс. изд. | ||
| 650 | 4 |
_aМузика - учебници за основни училища _9246578 |
|
| 653 | _aмузика | ||
| 653 | _aІІ кл. | ||
| 653 | _aучебници за основни училища | ||
| 700 | 1 |
_aСотирова, Вяра Димитрова _eсъавт. _9371210 |
|
| 700 |
_aДраганова, Росица Славчева _d1962- _9284610 |
||
| 852 | _aЦб ІІ 12773 | ||
| 856 | 4 | _qpdf | |
| 856 | 4 | _qpdf | |
| 942 |
_cKNG _n0 _s1 |
||
| 944 |
_aCR _c26.08.2004 _k30556 _lТеодора Пейчева-Дянкова |
||
| 944 |
_aED _c28.03.2018 _kВиолета_Тройчева |
||
| 999 | _d109494 | ||